Microbiology: a laboratory manual / (Record no. 142342)

MARC details
000 -LEADER
fixed length control field 00793nam a22002297a 4500
005 - DATE AND TIME OF LATEST TRANSACTION
control field 20170706161356.0
010 ## - LCCN (DPL NO)
LC control number B-668108
020 ## - INTERNATIONAL STANDARD BOOK NUMBER
International Standard Book Number 9789332535190
Terms of availability 869.00
035 ## - SYSTEM CONTROL NUMBER
System control number B-668108
037 ## - SOURCE OF ACQUISITION
Source of stock number/acquisition Tachniz
Stock number dpl
082 ## - DEWEY DECIMAL CLASSIFICATION NUMBER
Classification number 660.63
100 ## - MAIN ENTRY--PERSONAL NAME
Personal name Cappuccino, James
245 ## - TITLE STATEMENT
Title Microbiology: a laboratory manual /
Statement of responsibility, etc by James Cappuccino and Natalie Sherman
250 ## - EDITION STATEMENT
Edition statement 10th ed.
260 ## - PUBLICATION, DISTRIBUTION, ETC. (IMPRINT)
Place of publication, distribution, etc Noida
Name of publisher, distributor, etc Pearson India
Date of publication, distribution, etc 2014
270 ## - ADDRESS
Address 7th Floor, Knowledge Bopulevard, A-8(A), Sector-62
City Noida
Postal code 201309
300 ## - PHYSICAL DESCRIPTION
Extent 565p.:
Dimensions 28cm(pbk)
Other physical details ill.
500 ## - GENERAL NOTE
General note Includes index
700 ## - ADDED ENTRY--PERSONAL NAME
Personal name Sherman, Natalie
942 ## - ADDED ENTRY ELEMENTS (KOHA)
Source of classification or shelving scheme Dewey Decimal Classification
Item type English Books
Call number suffix CAP
Classification part 660.6
Holdings
Withdrawn status Lost status Not for loan Collection code Home library Current library Date acquired Source of acquisition Cost, normal purchase price Full call number Barcode Copy number Cost, replacement price Koha item type
      Non-fiction Ashok Vihar Ashok Vihar 06/07/2017 BPPD/EN/2014-15/AV/16-17/434/15.2.2017/TZ17435/24.2.2017/ 18.3.2017 869.00 660.6 CAP B-668108 1 869.00 English Books

© Delhi Public Library
Hit Counter
free hit counter